Представление документа в формате RUSMARC

ПолеНазваниеЗначение
  Тип записи a
  Библиографический уровень m
001 Контрольный номер UONB/MAIN/99cbdd4749c546aa95d1a75c1f14c671
005 Дата корректировки 20260515154350.0
010 Индекс ISBN __
b Уточнения в пер.
d Цена 2 р. 10 к.
9 Тираж 8500 экз.
100 Данные общей обработки __
a Данные общей обработки 20260515d1980 u y0rusy0189 ca
101 Язык документа 0_
a Язык текста rus
102 Страна публикации __
a Страна публикации RU
105 Кодированные данные (монография) __
a Кодированные данные (монография) y z 000yy
200 Заглавие и сведения об ответственности 1_
a Заглавие Революционно-демократическая критика и современность
e Сведения, относящиеся к заглавию Белинский, Чернышевский, Добролюбов
f Первые сведения об ответственности В. Р. Щербина
g Последующие сведения об ответственности Академия наук СССР, Институт мировой литературы имени А. М. Горького
203 Вид содержания и тип средства __
a Вид содержания Текст
b Характеристика содержания визуальный
c Тип средства непосредственный
210 Выходные данные 1_
a Место издания 1980
c Издательство Наука
d Дата издания 1980
215 Физическое описание __
a Объем 544 с.
d Формат 20 см
600 Персоналии _1
a Персоналии (Фамилия) Белинский
b Персоналии (Имя, инициалы) В. Г.
g Полное имя Виссарион Григорьевич
606 Тематические рубрики 0_
a Основная рубрика Русская литературная критика
z Хронологическая подрубрика 19 в.
606 Тематические рубрики 0_
a Основная рубрика Русские революционные демократы
606 Тематические рубрики 0_
a Основная рубрика Литературная критика в зарубежных странах
z Хронологическая подрубрика 20 в.
606 Тематические рубрики 0_
a Основная рубрика Русская советская литературная критика
610 Ключевые слова 0_
a Ключевые слова русская литературная критика 19 в. ; советская литературная критика ; литературная критика зарубежная 20 в.
686 Индексы других классификаций __
a Классификационный индекс 87.3(2)51-538
2 Код системы rubbk
700 Автор _1
a Фамилия Щербина
b Имя (инициалы) В. Р.
g Полное личное имя Владимир Родионович
712 Наименование организации (Вторичная ответственность) 02
a Организация/ юрисдикция Институт мировой литературы имени А. М. Горького
4 Код отношения 570
801 Источник записи _0
a Страна RU
b Организация Ульяновская ОНБ
c Дата составления 20260515
g Правила каталогизации RCR
801 Источник записи _1
a Страна RU
b Организация Ульяновская ОНБ
c Дата составления 20260515
g Правила каталогизации RCR
901 Тип документа __
t Тип документа m
909 Создатель записи __
a Создатель записи Фадеева
b Дата создания записи 20260515